An account of the systems of husbandry adopted in the more improved districts of Scotland (Record no. 113609)

MARC details
000 -LEADER
fixed length control field 00705cam a22001815a 4500
001 - CONTROL NUMBER
control field L155497
008 - FIXED-LENGTH DATA ELEMENTS--GENERAL INFORMATION
fixed length control field 120327s1812 xxk f 000 0 eng d
035 ## - SYSTEM CONTROL NUMBER
System control number (Sirsi) u155497
041 0# - LANGUAGE CODE
Language code of text/sound track or separate title eng
100 1# - MAIN ENTRY--PERSONAL NAME
Personal name Sinclair, John
Titles and words associated with a name Sir
Dates associated with a name 1754-1835
245 03 - TITLE STATEMENT
Title An account of the systems of husbandry adopted in the more improved districts of Scotland
260 ## - PUBLICATION, DISTRIBUTION, ETC.
Place of publication, distribution, etc. Edinburgh
Name of publisher, distributor, etc. printed for Arch. Constable and Company, Edinburgh; G. & W. Nicol, and Longman, Hurst, Rees, Orme & Brown, London; and John Cumming, Dublin
Date of publication, distribution, etc. 1812
300 ## - PHYSICAL DESCRIPTION
Extent xii, 432, 20, 152, 77 p.
Other physical details ill.
Dimensions 23 cm.
583 ## - ACTION NOTE
Action Condition reviewed
Time/date of action 20120620
Status condition level 2
651 #4 - SUBJECT ADDED ENTRY--GEOGRAPHIC NAME
Geographic name Scotland
Chronological subdivision 1999-
690 ## - LOCAL SUBJECT ADDED ENTRY--TOPICAL TERM (OCLC, RLIN)
Topical term or geographic name as entry element Rural
9 (RLIN) 6268
942 ## - ADDED ENTRY ELEMENTS (KOHA)
Suppress in OPAC 0
Holdings
Withdrawn status Lost status Damaged status Not for loan Home library Current library Shelving location Date acquired Total Checkouts Full call number Barcode Date last seen Copy number Price effective from Koha item type
        Historic collection Historic collection Historic collection 27/03/2012   HUSBANDRY OCTAVO 1812 SINCLAIR 30075353 27/08/2025 1 06/08/2019 Book